Normal view
MARC view
- century exploration
Entry Topical Term
001 - CONTROL NUMBER
- control field: 107694
003 - CONTROL NUMBER IDENTIFIER
- control field: NUST
005 - DATE AND TIME OF LATEST TRANSACTION
- control field: 20230126092955.0
008 - FIXED-LENGTH DATA ELEMENTS
- fixed length control field: 230126|| aca||aabn | a|a d
040 ## - CATALOGING SOURCE
- Original cataloging agency: NUST
- Transcribing agency: NUST
150 ## - HEADING--TOPICAL TERM
- Topical term or geographic name entry element: century exploration
670 ## - SOURCE DATA FOUND
- Source citation: Work cat.: (NUST)186234: Key, Charles E. 107693, The story of twentieth-century exploration /, 1938.
